Dejiny statočného národa slovenského

Bibliographic Details
Main Author: Milanová, Natália, 1982- (Author)
Other Authors: Bočkayová-Bruncková, Zuzana, 1980- (Illustrator), Martiška, Juraj, 1969- (Illustrator), Martiška, Mikuláš (Illustrator), Regitko, Miroslav, 1965- (Illustrator)
Format: Book
Language:Slovak
PhysicalDescription:164 strán faksimile, fotografie, ilustrácie 20 cm
Published: Bratislava Perfekt 2018
ISBN:9788080468842
Edition:Druhé vydanie
Subjects:

MARC

LEADER 00000cam a2200000 4500
001 vtls011765766
003 SK-MaSNL
005 20260302091251.0
008 200507s2018 xo hoa jr 000 0dslo
015 |a SNBA2019/09 
020 |a 9788080468842  |q (viazané) 
035 |a urn:nbn:sk:snk-am00dy9i 
035 |a urn:nbn:sk:snk-am3i9bb 
035 |a 2A32BC52-1C3D-4414-A81A-3B0BC4DA359A 
040 |a SNK  |b slo  |c SNK  |e rda 
041 0 |a slo 
043 |a e-xo--- 
044 |a xo  |c SK 
072 7 |a 94(437.6)  |x Dejiny Slovenska  |2 konspekt 
080 |a 93/94-027.541  |2 2011 
080 |a 94(437.6)  |2 2011 
080 |a (0.062)  |2 2011 
080 |a (03)82-93-053.4/.6  |2 2011 
100 1 |a Milanová, Natália,  |d 1982-  |4 aut  |9 233271 
245 1 0 |a Dejiny statočného národa slovenského  |c Natália Milanová ; ilustrovali: Zuzana Bočkayová Bruncková, Juraj Martiška, Mikuláš Martiška, Miroslav Regitko 
250 |a Druhé vydanie 
264 1 |a Bratislava  |b Perfekt  |c 2018 
300 |a 164 strán  |b faksimile, fotografie, ilustrácie  |c 20 cm 
336 |a text  |b txt  |2 rdacontent 
336 |a statický obraz  |b sti  |2 rdacontent 
337 |a bez média  |b n  |2 rdamedia 
338 |a zväzok  |b nc  |2 rdacarrier 
500 |a Obsahuje časovú os na stranách 158-164 
500 |a Obsahuje biografické údaje o autorke 
650 0 7 |a regionálne dejiny  |2 SNKPH  |9 63645 
650 0 7 |a Regional history  |2 SNKPHeng  |9 266493 
651 7 |a Slovensko  |x dejiny  |2 SNKPHgeo  |9 13278 
651 7 |a Slovakia  |x history  |2 SNKPHeng  |9 266841 
655 7 |a populárno-náučné publikácie  |2 SNKPH  |9 70460 
655 7 |a Popular works  |2 SNKPHeng  |9 90287 
655 7 |a publikácie pre deti a mládež  |2 SNKPH  |9 70541 
655 7 |a Publications for children and youth  |2 SNKPHeng  |9 285708 
700 1 |a Bočkayová-Bruncková, Zuzana,  |d 1980-  |4 ill  |9 225274 
700 1 |a Martiška, Juraj,  |d 1969-  |4 ill  |9 120247 
700 1 |a Martiška, Mikuláš  |4 ill  |9 484951 
700 1 |a Regitko, Miroslav,  |d 1965-  |4 ill  |9 214883 
919 |a 978-80-8046-884-2 
999 |c 1199821  |d 1201751 
952 |a SNK  |b SNK  |y PREZ  |7 0  |p 17A1351846  |o snkSD 87842  |i snk2018/27609  |8 0  |0 0  |1 0  |4 0  |d 2018-12-19  |f 1  |l 0  |r 2026-02-24 22:39:04  |w 2026-02-24 
952 |a SNK  |b SNK  |y VYP  |7 0  |p 17A1351847  |o snkSD 87842 D1  |i snk2018/27613  |8 0  |0 0  |1 0  |4 0  |d 2018-12-19  |l 0  |r 2026-02-24 22:39:04  |w 2026-02-24